Adaptacyjnosc przedsiebiorstw do wymagan gospodarki rynkowej.

O prieskume v 77 priemyselných podnikoch v Poľsku v r. 1989-1990 v období radikálnej reformy pri prechode na trhové hospodárstvo. Zásady adaptability podnikov trhovému hospodárstvu. Hodnota taxonomického merateľa adaptability. Miera rentability podnikov. Rast konkurenčnosti a rentability. Vplyv vývo...

Descrizione completa

Salvato in:
Dettagli Bibliografici
Natura: Capitolo di libro
Lingua:polacco
Soggetti:
Tags: Aggiungi Tag
Nessun Tag, puoi essere il primo ad aggiungerne!!

MARC

LEADER 00000naa a2200000 4500
001 r009303
005 20221125122805.1
041 0 |a pol 
044 |a PL 
245 1 0 |a Adaptacyjnosc przedsiebiorstw do wymagan gospodarki rynkowej. 
520 |a O prieskume v 77 priemyselných podnikoch v Poľsku v r. 1989-1990 v období radikálnej reformy pri prechode na trhové hospodárstvo. Zásady adaptability podnikov trhovému hospodárstvu. Hodnota taxonomického merateľa adaptability. Miera rentability podnikov. Rast konkurenčnosti a rentability. Vplyv vývozu do bývalého ZSSR a rentabilita. 
610 2 0 |a adaptabilita 
610 2 0 |a podnik priemyselný 
610 2 0 |a PR 
610 2 0 |a reformy hospodárske 
610 2 0 |a hospodárstvo trhové 
610 2 0 |a rentabilita podniku 
610 2 0 |a vývoz 
610 2 0 |a konkurencia 
610 2 0 |a ZSSR 
610 2 0 |a Spoločenstvo nezávislých štátov